Memoria

Αποθηκεύτηκε σε:
Λεπτομέρειες βιβλιογραφικής εγγραφής
Μορφή: Άγνωστο
Έκδοση: San José: Diseño Alternativo
Θέματα:
Ετικέτες: Προσθήκη ετικέτας
Δεν υπάρχουν, Καταχωρήστε ετικέτα πρώτοι!

MARC

LEADER 00000 a2200000 04500
001 18932
003
008 991231s d
040
090 |a 144805  
245 |a Memoria  
260 |a San José:   |b Diseño Alternativo  
300 |a 199 p.  
650 |a MUJERES  
650 |a DEMOCRACIA  
650 |a AUTORITARISMO  
650 |a POLITICA  
650 |a PARTICIPACION POLITICA  
650 |a PARTICIPACION DE LA MUJER  
650 |a ORGANIZACIONES FEMENINAS  
650 |a MOVIMIENTOS SOCIALES  
999 |c 9109  |d 9109